[Event "Collado Villalba op-A 35th"]
[Site "Collado Villalba ESP"]
[Date "2018.08.26"]
[Round "3.9"]
[White "Baeza Escudero, Javier"]
[Black "Elissalt Cardenas, Hector"]
[Result "0-1"]
[WhiteElo "1941"]
[BlackElo "2323"]
[PlyCount "50"]
[EventDate "2018.08.24"]
[EventType "swiss"]
[EventRounds "9"]
[EventCountry "ESP"]
[SourceTitle "Ajedrez en Madrid"]
[Source "lmi"]
[SourceDate "2018.08.24"]

1. e4 d6 2. d4 Nf6 3. Nc3 e5 4. Nf3 Nbd7 5. Bc4 Be7 6. O-O O-O 7. h3 c6 8. a4
a5 9. Be3 Nb6 10. Bb3 Nfd7 11. Qd2 exd4 12. Nxd4 Nc5 13. Nf5 Bxf5 14. Bxc5 dxc5
15. Qxd8 Raxd8 16. exf5 c4 17. Ba2 Bf6 18. Nd1 Rd2 19. c3 Nxa4 20. Bxc4 b5 21.
Bb3 Nc5 22. Ba2 a4 23. Rb1 Nd3 24. f4 Re8 25. Rf3 Re1+ 0-1

[Event "Collado Villalba op-A 35th"]
[Site "Collado Villalba ESP"]
[Date "2018.08.26"]
[Round "3.10"]
[White "Semprun Martinez, Fernando"]
[Black "Andrade Sandoval, Bianca"]
[Result "0-1"]
[WhiteElo "2145"]
[BlackElo "1890"]
[PlyCount "126"]
[EventDate "2018.08.24"]
[EventType "swiss"]
[EventRounds "9"]
[EventCountry "ESP"]
[SourceTitle "Ajedrez en Madrid"]
[Source "lmi"]
[SourceDate "2018.08.24"]

1. e4 e6 2. d4 d5 3. Nc3 Nf6 4. e5 Nfd7 5. f4 c5 6. Nf3 Nc6 7. Be3 Be7 8. dxc5
Bxc5 9. Qd2 a6 10. O-O-O b5 11. Bd3 Bb7 12. Ne2 Rc8 13. Bxc5 Nxc5 14. Ned4
Nxd3+ 15. Qxd3 Qa5 16. Kb1 Qb4 17. f5 Qe7 18. h4 Nxd4 19. Nxd4 h5 20. Rhf1 Rh6
21. Qg3 f6 22. Nxe6 fxe5 23. Qxe5 Kd7 24. Qd4 Rc4 25. Qa7 Kc6 26. g3 Rf6 27.
Rfe1 Qd6 28. Nf4 Rc5 29. Nxh5 Rxf5 30. Nxg7 Re5 31. g4 Qg6 32. Qxc5+ Kxc5 33.
Rxe5 Qxg7 34. Rde1 Qxg4 35. h5 Qf4 36. a3 a5 37. Re7 Bc8 38. h6 Bf5 39. h7 Qh2
40. Rc7+ Kb6 41. Ree7 d4 42. Rf7 Qh1+ 43. Ka2 Be6+ 44. b3 Bxf7 45. Rxf7 Qh2 46.
Kb1 Qh4 47. Kb2 Qh3 48. Ka2 a4 49. b4 Kc6 50. Rf6+ Kd5 51. Rf7 Qh2 52. Kb1 Ke4
53. Re7+ Kf3 54. Kc1 Qh6+ 55. Kb2 Kf2 56. Kb1 Kf1 57. Kb2 Qh3 58. Ka2 Kf2 59.
Kb2 Qc3+ 60. Kb1 d3 61. Rc7 Qxc7 62. h8=Q Qxc2+ 63. Ka1 Qd1+ 0-1

[Event "Collado Villalba op-A 35th"]
[Site "Collado Villalba ESP"]
[Date "2018.08.26"]
[Round "3.11"]
[White "Perez Vazquez, Manuel"]
[Black "Aziz Ortego, Omar Luis"]
[Result "0-1"]
[WhiteElo "1903"]
[BlackElo "2024"]
[PlyCount "80"]
[EventDate "2018.08.24"]
[EventType "swiss"]
[EventRounds "9"]
[EventCountry "ESP"]
[SourceTitle "Ajedrez en Madrid"]
[Source "lmi"]
[SourceDate "2018.08.24"]

1. d4 f5 2. e4 fxe4 3. Nc3 Nf6 4. Bg5 g6 5. f3 exf3 6. Nxf3 Bg7 7. Bd3 d5 8.
Qd2 O-O 9. O-O-O Re8 10. Ne5 Nbd7 11. Nxg6 hxg6 12. Bxg6 c6 13. Bxe8 Qxe8 14.
Rde1 Nf8 15. Rhf1 N8h7 16. Rf3 Qg6 17. h4 Bf8 18. Qf4 Nh5 19. Qe5 Bg4 20. Rff1
Nxg5 21. hxg5 e6 22. Ne2 Be7 23. Qc7 Bxg5+ 24. Kb1 Qg7 25. Qh2 Rf8 26. Nc1 Nf6
27. Re5 Bf5 28. Ree1 Ne4 29. Rh1 Qxd4 30. Nb3 Qg7 31. g4 Bg6 32. Re2 Bf4 33.
Qg2 Ng3 34. Rxe6 Be4 35. Rxe4 dxe4 36. Re1 Qxg4 37. a3 e3 38. Nd4 Rd8 39. c3 c5
40. Nb3 e2 0-1

[Event "Collado Villalba op-A 35th"]
[Site "Collado Villalba ESP"]
[Date "2018.08.26"]
[Round "3.12"]
[White "Khudov, Oleksandr"]
[Black "Camacho Casado, Natalio"]
[Result "1-0"]
[WhiteElo "2021"]
[BlackElo "1836"]
[PlyCount "97"]
[EventDate "2018.08.24"]
[EventType "swiss"]
[EventRounds "9"]
[EventCountry "ESP"]
[SourceTitle "Ajedrez en Madrid"]
[Source "lmi"]
[SourceDate "2018.08.24"]

1. d4 d5 2. Bf4 Nf6 3. e3 g6 4. Nf3 Bg7 5. Be2 O-O 6. O-O c5 7. c3 Nc6 8. h3
Nd7 9. Bh2 e5 10. dxe5 Ndxe5 11. Nbd2 Qe7 12. Nxe5 Nxe5 13. Nf3 Rd8 14. Re1 b6
15. a4 Nc6 16. Bb5 Na5 17. Bd3 Bb7 18. Qc2 Rac8 19. Rad1 Re8 20. Bb5 Red8 21.
Bd3 Re8 22. Qb1 a6 23. Qa2 Qf6 24. Be2 Qe7 25. Bg3 h6 26. Bh4 Bf6 27. Bg3 Bg7
28. Rd2 Qe6 29. Red1 Qf6 30. Ne1 c4 31. Bg4 Rc5 32. Nc2 Nb3 33. Re2 a5 34. Nd4
Nxd4 35. cxd4 Rcc8 36. Bxc8 Bxc8 37. b3 Ba6 38. Rb2 Bf8 39. bxc4 Bxc4 40. Qb1
Bb4 41. Rxb4 axb4 42. Qxb4 Qd8 43. Rb1 Re6 44. Be5 f6 45. Bg3 h5 46. a5 bxa5
47. Qc5 Kf7 48. Rb8 Qe7 49. Qc8 1-0

[Event "Collado Villalba op-A 35th"]
[Site "Collado Villalba ESP"]
[Date "2018.08.26"]
[Round "3.13"]
[White "Pardo Veguezzi, Jose Manuel"]
[Black "Martin Martin, Luis Vicente"]
[Result "0-1"]
[WhiteElo "1800"]
[BlackElo "1998"]
[PlyCount "114"]
[EventDate "2018.08.24"]
[EventType "swiss"]
[EventRounds "9"]
[EventCountry "ESP"]
[SourceTitle "Ajedrez en Madrid"]
[Source "lmi"]
[SourceDate "2018.08.24"]

1. e4 d5 2. exd5 Qxd5 3. Nc3 Qa5 4. d4 c6 5. Nf3 Nf6 6. Bc4 Bf5 7. Bd2 e6 8.
Nh4 Bg4 9. f3 Bh5 10. g4 Bg6 11. Nxg6 hxg6 12. Qe2 Bb4 13. a3 Nbd7 14. O-O-O
Bxc3 15. Bxc3 Qc7 16. Be1 Qf4+ 17. Kb1 Nd5 18. Rd3 N7b6 19. Bb3 Qf6 20. Bg3 Nf4
21. Bxf4 Qxf4 22. h4 O-O-O 23. c4 Rxd4 24. Rxd4 Qxd4 25. Rd1 Qf6 26. a4 Qxh4
27. Qe3 Rd8 28. Rc1 Qe7 29. a5 Nd7 30. Qxa7 Qc5 31. Qxc5 Nxc5 32. Bc2 Nd3 33.
Bxd3 Rxd3 34. Rf1 g5 35. Kc2 Rd4 36. Kc3 e5 37. Re1 f6 38. Rh1 Rf4 39. Rh3 e4
40. fxe4 Rxe4 41. Rg3 c5 42. b4 cxb4+ 43. Kxb4 Kc7 44. Kb5 Re5+ 45. c5 Re1 46.
Rd3 Rb1+ 47. Kc4 Rf1 48. Kb5 Rf4 49. Rg3 Kb8 50. a6 bxa6+ 51. Kxa6 Rb4 52. Ka5
Rb1 53. Rc3 Kc7 54. Re3 Kc6 55. Re7 Kxc5 56. Rc7+ Kd5 57. Rxg7 Rg1 0-1

[Event "Collado Villalba op-A 35th"]
[Site "Collado Villalba ESP"]
[Date "2018.08.26"]
[Round "3.14"]
[White "Carrasco Coquillat, Jorge"]
[Black "Lopez Mijail, Nicolas"]
[Result "1/2-1/2"]
[WhiteElo "1799"]
[BlackElo "1983"]
[PlyCount "72"]
[EventDate "2018.08.24"]
[EventType "swiss"]
[EventRounds "9"]
[EventCountry "ESP"]
[SourceTitle "Ajedrez en Madrid"]
[Source "lmi"]
[SourceDate "2018.08.24"]

1. c4 e5 2. Nc3 Nf6 3. g3 d5 4. cxd5 Nxd5 5. Bg2 Nb6 6. Nf3 Nc6 7. O-O Be7 8.
a3 O-O 9. b4 Be6 10. Rb1 a6 11. d3 f5 12. Be3 Bf6 13. Qc2 Nd4 14. Bxd4 exd4 15.
Na4 Nxa4 16. Qxa4 Bd5 17. Qc2 Re8 18. Rfe1 c6 19. Nd2 Bxg2 20. Kxg2 Qd5+ 21.
Kg1 Re6 22. Nc4 Rae8 23. Qd2 Bd8 24. Na5 Bxa5 25. bxa5 R8e7 26. Rb6 h6 27. Qb4
Rxe2 28. Qxe7 Rxe7 29. Rxe7 Qf3 30. Rbxb7 Qd1+ 31. Kg2 Qxd3 32. Rxg7+ Kf8 33.
Rgf7+ Kg8 34. Rg7+ Kf8 35. Rgf7+ Kg8 36. Rg7+ Kf8 1/2-1/2

[Event "Collado Villalba op-A 35th"]
[Site "Collado Villalba ESP"]
[Date "2018.08.26"]
[Round "3.15"]
[White "Camarero Izquierdo, Juan Carlos"]
[Black "Cid Garcia, Ramon"]
[Result "1-0"]
[WhiteElo "1963"]
[BlackElo "1857"]
[PlyCount "119"]
[EventDate "2018.08.24"]
[EventType "swiss"]
[EventRounds "9"]
[EventCountry "ESP"]
[SourceTitle "Ajedrez en Madrid"]
[Source "lmi"]
[SourceDate "2018.08.24"]

1. d4 Nf6 2. Nc3 c5 3. d5 d6 4. e4 g6 5. Be3 Bg7 6. Qd2 O-O 7. Bh6 Bxh6 8. Qxh6
Ng4 9. Qd2 e5 10. h4 h5 11. f3 Nf6 12. Qh6 Qe7 13. O-O-O Rd8 14. g3 Qf8 15. Qd2
Kh7 16. Kb1 a6 17. Bh3 b5 18. Bxc8 Rxc8 19. Nh3 Nbd7 20. Ng5+ Kg7 21. Ne2 c4
22. g4 Nc5 23. c3 Qe7 24. Ng3 Rh8 25. gxh5 Nxh5 26. Nxh5+ Rxh5 27. Rdg1 Rah8
28. Qf2 f6 29. Ne6+ Nxe6 30. dxe6 Qxe6 31. Qa7+ Qf7 32. Qxa6 Rxh4 33. Rxh4 Rxh4
34. Qxb5 f5 35. a4 fxe4 36. fxe4 Rh8 37. Rd1 Qc7 38. Qd5 Rb8 39. Qxd6 Qxd6 40.
Rxd6 Ra8 41. Re6 Rxa4 42. Rxe5 Kf6 43. Re8 Kf7 44. Rb8 g5 45. Kc2 g4 46. Kd2
Ra6 47. Ke3 Rf6 48. Rb5 Kg6 49. Rd5 g3 50. Rd1 Kg5 51. e5 Rf2 52. Rg1 Rxb2 53.
Rxg3+ Kf5 54. Kd4 Rd2+ 55. Kxc4 Kxe5 56. Rg8 Rd7 57. Rg5+ Kd6 58. Rg6+ Ke5 59.
Rc6 Rb7 60. Kc5 1-0

[Event "Collado Villalba op-A 35th"]
[Site "Collado Villalba ESP"]
[Date "2018.08.26"]
[Round "3.16"]
[White "Perez Cameselle, Francisco Jose"]
[Black "Garcia Galeote, Lorenzo"]
[Result "1-0"]
[WhiteElo "1790"]
[BlackElo "1899"]
[PlyCount "115"]
[EventDate "2018.08.24"]
[EventType "swiss"]
[EventRounds "9"]
[EventCountry "ESP"]
[SourceTitle "Ajedrez en Madrid"]
[Source "lmi"]
[SourceDate "2018.08.24"]

1. e4 b6 2. d4 Bb7 3. Nc3 e6 4. a3 g6 5. Nf3 Bg7 6. Bd3 d6 7. O-O Ne7 8. Be3
Nd7 9. Re1 h6 10. h4 Nf6 11. Qe2 a6 12. Rad1 d5 13. exd5 Nexd5 14. Nxd5 Qxd5
15. c4 Qh5 16. d5 O-O 17. dxe6 fxe6 18. Bf4 Rae8 19. Bxc7 Ng4 20. Be4 Bxe4 21.
Qxe4 Rf7 22. Bxb6 g5 23. Rd8 Rxd8 24. Bxd8 Nxf2 25. Kxf2 g4 26. Kg1 gxf3 27.
gxf3 Bf8 28. Kh1 Bc5 29. Qg4+ Qxg4 30. fxg4 Rd7 31. Bf6 Kf7 32. Bc3 Rd3 33.
Rf1+ Ke7 34. Bf6+ Kd7 35. Kg2 Bd4 36. g5 hxg5 37. hxg5 Ke8 38. Rf3 Rd2+ 39. Kg3
Bxf6 40. Rxf6 Ke7 41. Rf2 Rd4 42. Rc2 Kd6 43. c5+ Kc6 44. g6 e5 45. g7 Rd8 46.
Kf3 Rg8 47. Rg2 Kxc5 48. Ke4 Kd6 49. Rg6+ Ke7 50. Kxe5 Kf7 51. Rg2 Re8+ 52. Kd5
Kg8 53. b4 Rc8 54. a4 Rc3 55. b5 axb5 56. axb5 Rb3 57. Kc6 Rc3+ 58. Kb7 1-0

[Event "Collado Villalba op-A 35th"]
[Site "Collado Villalba ESP"]
[Date "2018.08.26"]
[Round "3.18"]
[White "Cuellar Gutierrez, Raul"]
[Black "Fernandez Garcia, Ignacio"]
[Result "1-0"]
[WhiteElo "1927"]
[BlackElo "1811"]
[PlyCount "59"]
[EventDate "2018.08.24"]
[EventType "swiss"]
[EventRounds "9"]
[EventCountry "ESP"]
[SourceTitle "Ajedrez en Madrid"]
[Source "lmi"]
[SourceDate "2018.08.24"]

1. d4 c5 2. Nf3 cxd4 3. Nxd4 e5 4. Nf3 Nc6 5. c4 Bb4+ 6. Bd2 e4 7. Bxb4 exf3 8.
Bc3 fxg2 9. Bxg2 Nf6 10. Na3 a6 11. c5 O-O 12. Nc4 Qe7 13. Nd6 Qe6 14. O-O Ne7
15. e4 Ne8 16. Qd3 Nxd6 17. cxd6 Ng6 18. Qg3 Re8 19. h4 f6 20. Rad1 a5 21. e5
fxe5 22. Bd5 Qxd5 23. Rxd5 Nf4 24. Rd2 b6 25. Bxe5 Ng6 26. Qb3+ Re6 27. Bg3 b5
28. Re1 Nf8 29. Rxe6 dxe6 30. Qxb5 1-0

[Event "Collado Villalba op-A 35th"]
[Site "Collado Villalba ESP"]
[Date "2018.08.26"]
[Round "3.20"]
[White "Sotoca Aguado, Jose"]
[Black "Trujillo Martin, Carlos"]
[Result "1/2-1/2"]
[WhiteElo "1920"]
[BlackElo "1761"]
[PlyCount "80"]
[EventDate "2018.08.24"]
[EventType "swiss"]
[EventRounds "9"]
[EventCountry "ESP"]
[SourceTitle "Ajedrez en Madrid"]
[Source "lmi"]
[SourceDate "2018.08.24"]

1. e4 e6 2. d4 d5 3. Nc3 Bb4 4. e5 c5 5. a3 Bxc3+ 6. bxc3 Ne7 7. Qg4 O-O 8. Nf3
Ng6 9. h4 f5 10. Qg3 Qc7 11. Bd2 cxd4 12. cxd4 Qxc2 13. h5 Qe4+ 14. Be2 f4 15.
Qg4 Ne7 16. Kf1 Nbc6 17. h6 g6 18. Rd1 Qf5 19. Qh4 Qf7 20. Ng5 Qe8 21. Bc3 Nf5
22. Qg4 Qe7 23. Bb2 a6 24. Nh3 Qf7 25. Ng5 Qe7 26. Kg1 Bd7 27. Nh3 Qh4 28. Nxf4
Qxg4 29. Bxg4 Nfxd4 30. Nxg6 hxg6 31. h7+ Kg7 32. h8=Q+ Rxh8 33. Bxd4 Rxh1+ 34.
Kxh1 Rh8+ 35. Kg1 Rh4 36. f3 Nxd4 37. Rxd4 Rh8 38. Kf2 Rc8 39. Rf4 Rf8 40. Rd4
Rc8 1/2-1/2

[Event "Collado Villalba op-A 35th"]
[Site "Collado Villalba ESP"]
[Date "2018.08.27"]
[Round "4.1"]
[White "Reyes Peñas, Sebastian"]
[Black "Quispe Arteaga, Gabriel"]
[Result "1/2-1/2"]
[WhiteElo "2103"]
[BlackElo "2312"]
[PlyCount "70"]
[EventDate "2018.08.24"]
[EventType "swiss"]
[EventRounds "9"]
[EventCountry "ESP"]
[SourceTitle "Ajedrez en Madrid"]
[Source "lmi"]
[SourceDate "2018.08.24"]

1. e4 c5 2. Nf3 Nc6 3. d4 cxd4 4. Nxd4 Nf6 5. Nc3 e6 6. g3 Be7 7. Bg2 O-O 8.
O-O d6 9. h3 e5 10. Nde2 Be6 11. g4 a6 12. Nd5 Bxd5 13. exd5 Na5 14. Ng3 g6 15.
b3 Nd7 16. Bh6 Re8 17. Qe2 b5 18. Ne4 Nb7 19. Qd2 Nbc5 20. Nxc5 Nxc5 21. f4 Bf6
22. g5 Bh8 23. f5 e4 24. f6 Re5 25. Rae1 Qd7 26. Rf4 Rae8 27. Qe3 b4 28. Qd4
Qb7 29. Bxe4 Qc8 30. Re3 a5 31. Qc4 Qd7 32. Kh2 Rc8 33. Qe2 Rce8 34. Qc4 Rc8
35. Qe2 Rce8 1/2-1/2

[Event "Collado Villalba op-A 35th"]
[Site "Collado Villalba ESP"]
[Date "2018.08.27"]
[Round "4.2"]
[White "Mkrtchyan, Levon"]
[Black "Valles Moreno, Ivan"]
[Result "1/2-1/2"]
[WhiteElo "2128"]
[BlackElo "2416"]
[PlyCount "149"]
[EventDate "2018.08.24"]
[EventType "swiss"]
[EventRounds "9"]
[EventCountry "ESP"]
[SourceTitle "Ajedrez en Madrid"]
[Source "lmi"]
[SourceDate "2018.08.24"]

1. e4 d6 2. d4 Nf6 3. Nc3 e5 4. dxe5 dxe5 5. Qxd8+ Kxd8 6. Nf3 Bd6 7. Be3 Nbd7
8. O-O-O a6 9. a3 b5 10. Be2 h6 11. Nd2 Bb7 12. f3 Ke7 13. Nf1 c6 14. h4 Bc5
15. h5 g6 16. hxg6 Bxe3+ 17. Nxe3 fxg6 18. Rd2 Nc5 19. Ncd1 h5 20. Nf2 Rad8 21.
Rxd8 Rxd8 22. Rd1 Rh8 23. Nd3 Nfd7 24. c3 Nxd3+ 25. Bxd3 Nc5 26. Nc2 h4 27. Bf1
Ne6 28. Ne1 Rh5 29. Nd3 Rg5 30. Kd2 Nf4 31. Nxf4 exf4 32. Ke2 Bc8 33. Kf2 Be6
34. Rd2 Re5 35. Bd3 c5 36. Rd1 c4 37. Be2 a5 38. Rd4 Rc5 39. Bf1 Rc6 40. Be2
Rc8 41. Bf1 g5 42. Be2 Rb8 43. Bf1 Rb6 44. Be2 h3 45. gxh3 Bxh3 46. Rd5 Kf6 47.
Rd8 Be6 48. Rd4 Ke5 49. Bf1 Rd6 50. Rxd6 Kxd6 51. Be2 Ke5 52. Bd1 Kd6 53. Be2
Ke5 54. Bd1 Bf7 55. Be2 Bg8 56. Bd1 Kd6 57. Be2 Kc5 58. Bd1 b4 59. axb4+ axb4
60. cxb4+ Kxb4 61. Ke2 Kc5 62. Ba4 Be6 63. Be8 g4 64. fxg4 Bxg4+ 65. Kf2 Kd4
66. Bg6 Bd1 67. Bh7 Bg4 68. Bg6 Bd1 69. Bh7 Bh5 70. Bf5 Ke5 71. Bh7 Be8 72. Kf3
Bh5+ 73. Kf2 Bf7 74. Kf3 Bh5+ 75. Kf2 1/2-1/2

[Event "Collado Villalba op-A 35th"]
[Site "Collado Villalba ESP"]
[Date "2018.08.27"]
[Round "4.3"]
[White "Martin Duque, Jesus"]
[Black "Cao Armillas, Jesus"]
[Result "1-0"]
[WhiteElo "2378"]
[BlackElo "2043"]
[PlyCount "109"]
[EventDate "2018.08.24"]
[EventType "swiss"]
[EventRounds "9"]
[EventCountry "ESP"]
[SourceTitle "Ajedrez en Madrid"]
[Source "lmi"]
[SourceDate "2018.08.24"]

1. e4 c5 2. Nf3 e6 3. d4 cxd4 4. Nxd4 a6 5. Bd3 Bc5 6. Nb3 Be7 7. O-O Nc6 8. c4
d6 9. Nc3 Nf6 10. Be3 O-O 11. f4 Re8 12. Be2 Qc7 13. Rc1 Bf8 14. Bf3 Rb8 15.
Kh1 Nd7 16. g4 b6 17. g5 Bb7 18. Bg2 Nc5 19. Bg1 Rbd8 20. Nxc5 bxc5 21. Qh5 g6
22. Qh4 Qe7 23. Rce1 h6 24. Nd1 Bg7 25. Nf2 hxg5 26. fxg5 Ne5 27. Re3 f5 28.
Rh3 Kf7 29. b3 Rh8 30. Qg3 Rxh3 31. Nxh3 Kg8 32. exf5 exf5 33. Nf4 Re8 34. Re1
Qd7 35. Rd1 Qc7 36. Bxb7 Qxb7+ 37. Qg2 Qxg2+ 38. Kxg2 Bf8 39. Re1 Kf7 40. Nd5
Bg7 41. Bf2 Ra8 42. Re2 Ra7 43. Rd2 Ke6 44. Nf4+ Ke7 45. b4 Rd7 46. bxc5 Nxc4
47. Rc2 d5 48. Nxg6+ Kf7 49. Nf4 Ne5 50. Rd2 Ng6 51. Nd3 Bc3 52. Rc2 d4 53. h4
Ke6 54. h5 Nf8 55. Re2+ 1-0

[Event "Collado Villalba op-A 35th"]
[Site "Collado Villalba ESP"]
[Date "2018.08.27"]
[Round "4.4"]
[White "Elissalt Cardenas, Hector"]
[Black "Longa Yauca, Javier"]
[Result "1/2-1/2"]
[WhiteElo "2323"]
[BlackElo "2268"]
[PlyCount "83"]
[EventDate "2018.08.24"]
[EventType "swiss"]
[EventRounds "9"]
[EventCountry "ESP"]
[SourceTitle "Ajedrez en Madrid"]
[Source "lmi"]
[SourceDate "2018.08.24"]

1. d4 Nf6 2. c4 e6 3. Nf3 Nc6 4. a3 d5 5. cxd5 exd5 6. Bg5 Be7 7. Nc3 h6 8.
Bxf6 Bxf6 9. e3 O-O 10. Bd3 b6 11. b4 Ne7 12. b5 c5 13. bxc6 Nxc6 14. Qb3 Be6
15. Ba6 Na5 16. Qa2 Nc4 17. O-O Rb8 18. a4 Na5 19. Rac1 Nc6 20. Qb3 Be7 21. Bb5
Nb4 22. Na2 Nxa2 23. Qxa2 Bd6 24. Ne5 Bxe5 25. dxe5 d4 26. Qd2 dxe3 27. Qxe3
Rc8 28. Rxc8 Qxc8 29. Rc1 Qb8 30. f4 Rd8 31. Bd3 g6 32. h4 Rc8 33. h5 Rxc1+ 34.
Qxc1 Qd8 35. Qe3 Bf5 36. Be2 gxh5 37. Bxh5 Qd7 38. Qg3+ Kf8 39. Qa3+ Kg7 40.
Qg3+ Kf8 41. Qa3+ Kg7 42. Qg3+ 1/2-1/2

[Event "Collado Villalba op-A 35th"]
[Site "Collado Villalba ESP"]
[Date "2018.08.27"]
[Round "4.5"]
[White "Perez Gonzalez, Jose Manuel"]
[Black "Martin Arbeloa, Fernando"]
[Result "1-0"]
[WhiteElo "2277"]
[BlackElo "1918"]
[PlyCount "93"]
[EventDate "2018.08.24"]
[EventType "swiss"]
[EventRounds "9"]
[EventCountry "ESP"]
[SourceTitle "Ajedrez en Madrid"]
[Source "lmi"]
[SourceDate "2018.08.24"]

1. e4 c5 2. Nf3 d6 3. d4 cxd4 4. Nxd4 Nf6 5. Nc3 a6 6. Bc4 e6 7. O-O b5 8. Bb3
Be7 9. Qf3 Qc7 10. Qg3 O-O 11. Bh6 Ne8 12. Rad1 Bd7 13. Rfe1 Nc6 14. Nf3 b4 15.
Ne2 Kh8 16. Bg5 Bxg5 17. Qxg5 h6 18. Qd2 Rd8 19. c3 a5 20. cxb4 axb4 21. Ned4
Qb6 22. Nxc6 Bxc6 23. Nd4 Bd7 24. Nc2 Rb8 25. Re3 e5 26. Rg3 Be6 27. Bxe6 fxe6
28. Rb3 Qc5 29. Nxb4 Nf6 30. Na6 Nxe4 31. Rxb8 Rxb8 32. Qe1 Qxf2+ 33. Qxf2 Nxf2
34. Kxf2 Rxb2+ 35. Kf1 d5 36. a4 Kg8 37. Nc5 Rb6 38. Ra1 Rc6 39. Nd7 e4 40. a5
Ra6 41. Nc5 Ra7 42. Nxe6 Kf7 43. Nf4 d4 44. a6 g5 45. Ne2 d3 46. Nc3 e3 47. Nb5
1-0

[Event "Collado Villalba op-A 35th"]
[Site "Collado Villalba ESP"]
[Date "2018.08.27"]
[Round "4.6"]
[White "Aziz Ortego, Omar Luis"]
[Black "Pastor Alonso de Prado, Emilio Alberto"]
[Result "0-1"]
[WhiteElo "2024"]
[BlackElo "2112"]
[PlyCount "54"]
[EventDate "2018.08.24"]
[EventType "swiss"]
[EventRounds "9"]
[EventCountry "ESP"]
[SourceTitle "Ajedrez en Madrid"]
[Source "lmi"]
[SourceDate "2018.08.24"]

1. e4 e6 2. d4 d5 3. exd5 exd5 4. c4 Nf6 5. Nf3 c6 6. Bd3 Bb4+ 7. Nc3 Qe7+ 8.
Be3 Nbd7 9. O-O dxc4 10. Bxc4 Nb6 11. Bg5 Nxc4 12. Re1 Be6 13. d5 Bxc3 14. bxc3
cxd5 15. Nd4 O-O 16. Qf3 Nd6 17. Rab1 Rfe8 18. Qf4 Nde4 19. Rxe4 dxe4 20. Rb5
Rac8 21. Re5 Rxc3 22. a3 Nd5 23. Qxe4 Qd7 24. Bh4 Rc4 25. f4 Nf6 26. Bxf6 gxf6
27. Rh5 Qxd4+ 0-1

[Event "Collado Villalba op-A 35th"]
[Site "Collado Villalba ESP"]
[Date "2018.08.27"]
[Round "4.7"]
[White "Fernandez de Pablo, Miguel Angel"]
[Black "Khudov, Oleksandr"]
[Result "1-0"]
[WhiteElo "2107"]
[BlackElo "2021"]
[PlyCount "57"]
[EventDate "2018.08.24"]
[EventType "swiss"]
[EventRounds "9"]
[EventCountry "ESP"]
[SourceTitle "Ajedrez en Madrid"]
[Source "lmi"]
[SourceDate "2018.08.24"]

1. f4 d5 2. c4 c6 3. b3 Bf5 4. Bb2 e6 5. Nf3 Nf6 6. e3 h6 7. Be2 Bd6 8. O-O O-O
9. Qe1 Nbd7 10. d3 a5 11. Nbd2 a4 12. Qg3 axb3 13. axb3 Rxa1 14. Rxa1 Nc5 15.
Ne5 Bxe5 16. fxe5 Nfd7 17. d4 Ne4 18. Nxe4 Bxe4 19. Ba3 Qa5 20. Qxg7+ Kxg7 21.
Bxf8+ Nxf8 22. Rxa5 Bc2 23. b4 dxc4 24. Bxc4 Ng6 25. Ra7 b5 26. Bxe6 Nh8 27.
Bd7 Be4 28. e6 Kf6 29. e7 1-0

[Event "Collado Villalba op-A 35th"]
[Site "Collado Villalba ESP"]
[Date "2018.08.27"]
[Round "4.9"]
[White "Martin Martin, Luis Vicente"]
[Black "Unciti Juan, Javier"]
[Result "1-0"]
[WhiteElo "1998"]
[BlackElo "1999"]
[PlyCount "90"]
[EventDate "2018.08.24"]
[EventType "swiss"]
[EventRounds "9"]
[EventCountry "ESP"]
[SourceTitle "Ajedrez en Madrid"]
[Source "lmi"]
[SourceDate "2018.08.24"]

1. d4 d5 2. Bf4 Nf6 3. e3 c5 4. c3 Qb6 5. Qb3 Nc6 6. Nd2 g6 7. Qxb6 axb6 8. Bc7
Nd7 9. Bb5 Bg7 10. Ngf3 O-O 11. O-O f6 12. e4 cxd4 13. exd5 Na7 14. Nxd4 Nxb5
15. Nxb5 Ne5 16. Bxb6 Bf5 17. Nd4 Bd3 18. Rfe1 Rfc8 19. N4f3 Kf7 20. Nxe5+ fxe5
21. a4 Bh6 22. Nf3 e4 23. Ne5+ Kf8 24. Be3 Bg7 25. Nd7+ Ke8 26. Nb6 Rd8 27.
Nxa8 Rxa8 28. Bb6 Kd7 29. a5 Kd6 30. f3 exf3 31. Re6+ Kxd5 32. Rxe7 Bf6 33.
Rd7+ Kc4 34. Ra4+ Kb3 35. Rb4+ Kc2 36. Rxh7 fxg2 37. Kxg2 Re8 38. Rxb7 Re2+ 39.
Bf2 Be7 40. Rxe7 Rxe7 41. Rb6 Re5 42. b4 Kxc3 43. Bc5 Re2+ 44. Kg3 Ra2 45. h4
Bc4 1-0

[Event "Collado Villalba op-A 35th"]
[Site "Collado Villalba ESP"]
[Date "2018.08.27"]
[Round "4.10"]
[White "Martinez Fernandez, Raul"]
[Black "Lopez Heras, Arturo"]
[Result "1-0"]
[WhiteElo "2199"]
[BlackElo "1863"]
[PlyCount "121"]
[EventDate "2018.08.24"]
[EventType "swiss"]
[EventRounds "9"]
[EventCountry "ESP"]
[SourceTitle "Ajedrez en Madrid"]
[Source "lmi"]
[SourceDate "2018.08.24"]

1. e4 c5 2. Nf3 d6 3. Bb5+ Nc6 4. O-O a6 5. Bxc6+ bxc6 6. b3 Nf6 7. Qe2 e5 8.
d3 Be7 9. Nbd2 O-O 10. Nc4 Be6 11. Nfd2 Qc7 12. Bb2 Nd7 13. Ne3 d5 14. Qf3 d4
15. Nec4 f5 16. exf5 Rxf5 17. Qe2 Raf8 18. Rae1 Bg5 19. Ne4 Be7 20. Ng3 R5f6
21. Nd2 Rg6 22. a4 Bg4 23. f3 Be6 24. Nde4 Bh4 25. Ba3 Be7 26. Qd2 Bd5 27. Re2
Rf4 28. Bc1 Bxe4 29. Nxe4 Rf8 30. Qe1 Nb6 31. Ng3 Bd6 32. h4 Nd5 33. Ne4 Nf4
34. Bxf4 exf4 35. h5 Re6 36. Ng5 Rxe2 37. Qxe2 Qe7 38. Re1 Qe3+ 39. Kf1 Rf5 40.
Qd1 Rxg5 41. Rxe3 dxe3 42. Qe1 Rxh5 43. Qa5 Rh1+ 44. Ke2 Rh2 45. Qd8+ Bf8 46.
Qg5 Bd6 47. Qg4 Kf7 48. c3 h5 49. Qf5+ Ke7 50. Qg5+ Kf7 51. d4 cxd4 52. cxd4 h4
53. Kd3 h3 54. Qf5+ Ke7 55. Qg5+ Kf7 56. gxh3 Rd2+ 57. Kc3 a5 58. Qxa5 Rf2 59.
Qf5+ Ke7 60. Qg4 e2 61. Qh4+ 1-0

[Event "Collado Villalba op-A 35th"]
[Site "Collado Villalba ESP"]
[Date "2018.08.27"]
[Round "4.11"]
[White "Carrasco Coquillat, Alvaro"]
[Black "Lopez de Turiso, Jose Angel"]
[Result "1/2-1/2"]
[WhiteElo "1865"]
[BlackElo "1990"]
[PlyCount "41"]
[EventDate "2018.08.24"]
[EventType "swiss"]
[EventRounds "9"]
[EventCountry "ESP"]
[SourceTitle "Ajedrez en Madrid"]
[Source "lmi"]
[SourceDate "2018.08.24"]

1. d4 Nf6 2. c4 e5 3. dxe5 Ne4 4. Nf3 Nc6 5. e3 Bb4+ 6. Bd2 Nxd2 7. Nbxd2 Qe7
8. a3 Bxd2+ 9. Qxd2 Nxe5 10. Nxe5 Qxe5 11. Qd4 d6 12. O-O-O Bd7 13. Bd3 Bc6 14.
Qxe5+ dxe5 15. f3 a5 16. Rd2 Ke7 17. Rhd1 Rhd8 18. Bc2 g6 19. Kb1 Rxd2 20. Rxd2
Rd8 21. Rxd8 1/2-1/2